=LDR 00000nam 2200000 4500 =001 INLIS000000000030670 =005 20130612132808 =008 ***********************************Indonesia** =035 ##$$0010-061300000030670 =041 ##$$a Indonesia =082 ##$$a 2X4.121 =090 ##$$a 2X4.121, Tha, h =100 ##$$a Ath-Tharsyah,Adnan =245 ##$$a Hidup sehat dengan sholat subuh, Adnan Ath-Tharsyah;Penerjemah,Fahmi Irfanuddin;Editor,Fahrur Muis =260 ##$$a 2007 $b Solo =300 ##$$a xiv,124 hlm., 20 cm =650 ##$$a SHOLAY SUBUH =700 ##$$a Irfanuddin,Fahmi =850 ##$$a NBPNMAT